Responses for show #7605 - Friday, October 6, 2017

Austin Rogers game 9.

Contestants

Diana McInnis, an editor from Playa Vista, California

Rebekah Smith, a library associate from Washington, D.C.

Austin Rogers, a bartender from New York, New York (whose 8-day cash winnings total $306,900)

Jeopardy! Round responses

MOST INSTAGRAMMED PLACES BY STATE
SCHOOLED!
ROUND HOUSE
AUSSIE SLANG
"B"USINESS
BROADWAY, BABY
    $200 17
Disneyland

Diana
    $200 14
Al Gore

Diana
    $200 22
a wheel

Rebekah
    $200 1
a barbie

Austin
    $200 9
barter

Austin
    $200 3
Cats

Austin
    $400 18
(Rebekah: What is Michigan?)

Wisconsin

AustinRebekah
    $400 15
(Austin: Who is Anderson Cooper?)

Rachel Maddow

AustinDiana
    $400 23
the Knights of the Round Table

Austin
    $400 2
a quid

Diana
    $400 10
brand loyalty

Austin
    $400 5
Cirque du Soleil

Diana
    $600 19
the Mall of America

Austin
    $600 16
Juilliard

Austin
    $600 24
(Diana: [*]? What is [*]?)

coming around the mountain

Diana
    $600 4
beer

Rebekah
    $600 11
buy one, get one free

Austin
    $600 6
Sunday in the Park with George

Diana
    $800 20
Washington

Austin
    $800 28
Ken Kesey

Austin
    $800 25
India

Austin
    $4,000 26
(Austin: What is a kangaroo?)

sheep

Austin
    $800 12
boutique

Diana
    $800 7
(Alex: "You like me, you really like me.")

Sally Field

Triple Stumper
    $1000 21
Colorado

Austin
    $1000 29
(Rebekah: What is Seton Hall?)

Tufts

Rebekah
Triple Stumper
    $1000 30
(Austin: What is a cylinder?)

a sphere

AustinRebekah
    $1000 27
Sheila

Diana
    $1000 13
(Austin: What are the stock listings?)

balance sheet

AustinDiana
    $1000 8
Cynthia Nixon

Diana

Scores at the first commercial break (after clue 15):

Austin Rebekah Diana
$200 $600 $4,800

Scores at the end of the Jeopardy! Round:

Austin Rebekah Diana
$600 $400 $6,600

Double Jeopardy! Round responses

19th CENTURY WOMEN AUTHORS
WORDPLAY
YOUR FILM & TV WAIT STAFF
CHEMISTRY
PRESIDENTS BORN WEST OF THE MISSISSIPPI
"UR" THE TOP!
    $400 6
plantations

Triple Stumper
    $400 1
hangman

Austin
    $400 9
2 Broke Girls

Austin
    $400 18
room temperature

Triple Stumper
    $400 16
Hoover

Austin
    $400 14
Uranus

Triple Stumper
    $1,000 7
Heidi

Rebekah
    $800 2
acronyms

Austin
    $800 10
Beverly Hills, 90210

Austin
    $800 19
a mole

Triple Stumper
    $800 20
Barack Obama

Triple Stumper
    $800 15
Uruguay

Austin
    $1200 8
Norway

Austin
    $1200 3
the rock was landed on us

Triple Stumper
    $1200 11
The Blues Brothers

Austin
    $1200 28
hydrogen peroxide

Austin
    $1200 21
Richard Nixon

Triple Stumper
    $1200 23
Ursa Major

Triple Stumper
    $1600 26
George Eliot

Rebekah
    $1600 4
I understand

Rebekah
    $1600 12
Ryan Reynolds

Austin
    $1600 30
reactivity

Triple Stumper
    $4,500 17
Bill Clinton

Austin
    $1600 24
the Urals

Austin
    $2000 27
Frances Hodgson Burnett

Diana
    $2000 5
Urdu they think they argh?

Triple Stumper
    $2000 13
Jack Nicholson

Diana
    $2000 29
Buckminster Fuller

Rebekah
    $2000 22
(Alex: He was born in Nebraska, and his name is [*].)

Gerald Ford

Triple Stumper
    $2000 25
urbane

Diana

Scores at the end of the Double Jeopardy! Round:

Austin Rebekah Diana
$15,500 $6,600 $12,600

[wagering suggestions for these scores]

Final Jeopardy! Round responses

COUNTRIES OF THE WORLD
(Alex: [To Austin] They are not only the least and most densely populated in Asia and Europe, but in the world.)
RebekahWhat are Turkey and Turkmenistan?
$600
DianaWhat ?
$3,000
AustinWhat are Monaco + Mongolia?
$10,000
Monaco and Mongolia

Final scores:

Austin Rebekah Diana
$25,500 $6,000 $9,600
9-day champion: $332,400 3rd place: $1,000 2nd place: $2,000

Game dynamics:

Coryat scores:

Austin Rebekah Diana
$16,600 $6,400 $12,600
25 R
(including 1 DD),
4 W
(including 1 DD)
7 R
(including 1 DD),
2 W
14 R,
0 W

Combined Coryat: $35,600

The J! Archive is created by fans, for fans. The Jeopardy! game show and all elements thereof, including but not limited to copyright and trademark thereto, are the property of Jeopardy Productions, Inc. and are protected under law. This website is not affiliated with, sponsored by, or operated by Jeopardy Productions, Inc. Join the discussion at JBoard.tv.